[Event "1.b HSL 19"]
[Site "Mali Losinj"]
[Date "2019.09.28"]
[Round "1.53"]
[White "Dabo-Peranic, Robert"]
[Black "Bilobrk, Franjo"]
[Result "1/2-1/2"]
[WhiteElo "2322"]
[BlackElo "2334"]
[PlyCount "80"]
[EventDate "2019.09.28"]
[EventCountry "CRO"]
[WhiteTeam "ŠK ĐURO ĐAKOVIĆ, Slavonski Brod"]
[BlackTeam "ŠK GORAN, Bibinje"]

1. e4 c5 2. Nf3 Nc6 3. d4 cxd4 4. Nxd4 Qc7 5. c4 Qe5 6. Nb5 Qxe4+ 7. Be2 Qe5 8.
N1c3 a6 9. Nd5 axb5 10. Bf4 Qxb2 11. Nc7+ Kd8 12. Nxa8 e5 13. Be3 Nd4 14. Bxd4
exd4 15. O-O Bc5 16. Rb1 Qxa2 17. Rxb5 d6 18. Nb6 Nf6 19. Na4 Re8 20. Nxc5 dxc5
21. Bd3 Qa3 22. Qd2 Re5 23. h3 h6 24. Rfb1 Qa7 25. Re1 Rxe1+ 26. Qxe1 b6 27.
Qb1 Kc7 28. Rb2 Be6 29. Ra2 Qb7 30. Qc1 Ne8 31. Qf4+ Nd6 32. Be2 Kd7 33. Qe5
Nxc4 34. Qxg7 Nd6 35. Bf3 Qc7 36. Ra8 d3 37. Qa1 Nc8 38. Qa4+ Ke7 39. Qh4+ Kd7
40. Qa4+ Ke7 1/2-1/2

[Event "1.b HSL 19"]
[Site "Mali Losinj"]
[Date "2019.09.28"]
[Round "1.55"]
[White "Martic, Zlatko"]
[Black "Sinanovic, Muhamed"]
[Result "1/2-1/2"]
[WhiteElo "2283"]
[BlackElo "2312"]
[PlyCount "93"]
[EventDate "2019.09.28"]
[EventCountry "CRO"]
[WhiteTeam "ŠK ĐURO ĐAKOVIĆ, Slavonski Brod"]
[BlackTeam "ŠK GORAN, Bibinje"]

1. b3 d5 2. Bb2 Bg4 3. f3 Bf5 4. e3 e6 5. Ne2 Nf6 6. Nbc3 c5 7. Ng3 Bg6 8. Bb5+
Nbd7 9. Nce2 a6 10. Bd3 Bd6 11. f4 Bxd3 12. cxd3 h5 13. O-O Qe7 14. Rc1 h4 15.
Nh1 e5 16. Nf2 exf4 17. Nxf4 O-O-O 18. d4 Kb8 19. dxc5 Bxc5 20. Ng4 Bb6 21.
Nxf6 Nxf6 22. Bxf6 gxf6 23. Qf3 d4 24. e4 d3+ 25. Kh1 Qa3 26. Nd5 Bd4 27. Qxd3
Be5 28. Qe3 h3 29. gxh3 Qxa2 30. Rf2 Qb2 31. Rd1 Bd4 32. Qf4+ Ka7 33. Rf3 Rc8
34. Nxf6 Rc1 35. Rxc1 Qxc1+ 36. Rf1 Qb2 37. Qf3 Qxd2 38. Ng4 f6 39. Rd1 Qb2 40.
Qd3 Bb6 41. Rb1 Qa2 42. Rf1 Rd8 43. Qf3 Qc2 44. Nxf6 Rd3 45. Qg4 Rxb3 46. Qd1
Qc4 47. h4 1/2-1/2

[Event "1.b HSL 19"]
[Site "Mali Losinj"]
[Date "2019.09.28"]
[Round "1.54"]
[White "Biliskov, Vjekoslav"]
[Black "Rubil, Marko"]
[Result "1/2-1/2"]
[WhiteElo "2333"]
[BlackElo "2269"]
[PlyCount "95"]
[EventDate "2019.09.28"]
[EventCountry "CRO"]
[WhiteTeam "ŠK GORAN, Bibinje"]
[BlackTeam "ŠK ĐURO ĐAKOVIĆ, Slavonski Brod"]

1. d4 Nf6 2. c4 g6 3. Nc3 Bg7 4. e4 d6 5. h3 O-O 6. Bg5 c5 7. d5 e6 8. Bd3 exd5
9. cxd5 Re8 10. Nge2 Nbd7 11. O-O Ne5 12. f4 Nxd3 13. Qxd3 Qb6 14. Kh1 h6 15.
Bh4 Bd7 16. Qf3 Qb4 17. a3 Qc4 18. Bxf6 Bxf6 19. e5 Be7 20. Ne4 Bf5 21. N2g3
Bxe4 22. Nxe4 Kh8 23. Rad1 Bf8 24. Nf6 Reb8 25. b3 Qc2 26. Rf2 Qf5 27. g4 Qc8
28. Ne4 b6 29. Kg2 a6 30. Qg3 Qb7 31. Rfd2 Re8 32. Nf6 Re7 33. exd6 Re6 34. g5
Rxd6 35. Ne4 Rd7 36. gxh6 Bxh6 37. Qh4 Kg7 38. f5 Rh8 39. Rd3 Qc7 40. Qf6+ Kg8
41. fxg6 Bg7 42. gxf7+ Rxf7 43. Qe6 Rh6 44. d6 Rxe6 45. dxc7 Rg6+ 46. Rg3 Rxg3+
47. Nxg3 Rxc7 48. Kf3 1/2-1/2

[Event "1.b HSL 19"]
[Site "Mali Losinj"]
[Date "2019.09.28"]
[Round "1.56"]
[White "Zelic, Mladen"]
[Black "Matanovic, Luka"]
[Result "1-0"]
[WhiteElo "2209"]
[BlackElo "2245"]
[PlyCount "87"]
[EventDate "2019.09.28"]
[EventCountry "CRO"]
[WhiteTeam "ŠK GORAN, Bibinje"]
[BlackTeam "ŠK ĐURO ĐAKOVIĆ, Slavonski Brod"]

1. e4 e5 2. f4 d5 3. exd5 exf4 4. Nf3 Nf6 5. Bc4 Nxd5 6. O-O Be6 7. Qe2 Be7 8.
Nc3 Nc6 9. d4 Nxc3 10. bxc3 Bxc4 11. Qxc4 Qd6 12. Bd2 O-O 13. Rae1 g5 14. Kh1
Rad8 15. Qb4 a6 16. Qxb7 Bf6 17. Qxa6 Ra8 18. Qc4 Ra5 19. Bc1 Rfa8 20. a3 Ne7
21. Nd2 Bg7 22. Ne4 Qh6 23. g3 Nd5 24. gxf4 gxf4 25. Qd3 Rd8 26. Qf3 f5 27. Nc5
Bf8 28. Rg1+ Kh8 29. Ne6 Rd7 30. Nxf4 Qc6 31. Re8 Rf7 32. Re5 Bg7 33. Rxd5 Rd7
34. c4 Bxd4 35. Re1 Rdxd5 36. cxd5 Qxc2 37. Re8+ Kg7 38. Ne6+ Kf7 39. Rf8+ Ke7
40. Bg5+ Kd6 41. Nxd4 Qb1+ 42. Kg2 Qb2+ 43. Qe2 Qxe2+ 44. Nxe2 1-0

[Event "1.b HSL 19"]
[Site "Mali Losinj"]
[Date "2019.09.29"]
[Round "2.11"]
[White "Sedlak, Nikola"]
[Black "Medvegy, Zoltan"]
[Result "1-0"]
[WhiteElo "2572"]
[BlackElo "2539"]
[PlyCount "124"]
[EventDate "2019.09.28"]
[EventCountry "CRO"]
[WhiteTeam "ŠK ŠIBENIK, Šibenik"]
[BlackTeam "ŠK GORAN, Bibinje"]

1. d4 Nf6 2. c4 e6 3. Nf3 b6 4. g3 Bb4+ 5. Bd2 Bxd2+ 6. Qxd2 Bb7 7. Bg2 O-O 8.
O-O d6 9. Qd3 c5 10. Nc3 cxd4 11. Qxd4 Nc6 12. Qf4 Qe7 13. Rfd1 Rfd8 14. Rac1
Rac8 15. b3 a6 16. e4 Nb8 17. e5 dxe5 18. Qxe5 Rxd1+ 19. Rxd1 Nbd7 20. Qd4 Kf8
21. Ng5 Bxg2 22. Kxg2 Nc5 23. Qd6 h6 24. Nf3 Qxd6 25. Rxd6 Ncd7 26. Nd4 Ke7 27.
Rc6 Rxc6 28. Nxc6+ Kd6 29. Nb4 Nc5 30. Kf3 Ke5 31. h3 Kd4 32. Ne2+ Ke5 33. Ke3
Kd6 34. Nc3 g5 35. Nd3 Nfd7 36. b4 Nxd3 37. Ne4+ Ke5 38. Kxd3 f5 39. Nd2 h5 40.
Nf3+ Kf6 41. Kd4 g4 42. hxg4 hxg4 43. Ne1 Ne5 44. b5 axb5 45. cxb5 Nd7 46. Nd3
Ke7 47. Nb2 Nc5 48. Nc4 Na4 49. Ke5 Nc3 50. Nxb6 Nxb5 51. a4 Nc7 52. Kd4 Kd6
53. Nc4+ Kc6 54. Ke5 Kd7 55. Nb2 Na6 56. Nd3 Ke7 57. a5 Nb8 58. Nb4 Nd7+ 59.
Kd4 Kd6 60. Kc4 Kc7 61. Kb5 Nf6 62. Na6+ Kd6 1-0

[Event "1.b HSL 19"]
[Site "Mali Losinj"]
[Date "2019.09.29"]
[Round "2.12"]
[White "Rezan, Sasa"]
[Black "Nikcevic, Nebojsa"]
[Result "1/2-1/2"]
[WhiteElo "2432"]
[BlackElo "2415"]
[PlyCount "127"]
[EventDate "2019.09.28"]
[EventCountry "CRO"]
[WhiteTeam "ŠK GORAN, Bibinje"]
[BlackTeam "ŠK ŠIBENIK, Šibenik"]

1. d4 d5 2. Nf3 Nf6 3. c4 c5 4. cxd5 cxd4 5. Qxd4 Qxd5 6. Nc3 Qxd4 7. Nxd4 a6
8. g3 e5 9. Nb3 Bd7 10. Bg2 Bc6 11. O-O Bb4 12. Rd1 Bxg2 13. Kxg2 Nc6 14. Na4
Nd7 15. Be3 Rd8 16. Nac5 Bxc5 17. Bxc5 f6 18. Bd6 Rc8 19. Rd2 Kf7 20. Rad1 Rhd8
21. Bc5 Nxc5 22. Nxc5 Rxd2 23. Rxd2 Rc7 24. Ne4 Ke7 25. g4 Nd4 26. e3 Ne6 27.
Kf3 g6 28. Ke2 f5 29. gxf5 gxf5 30. Nc3 Rd7 31. Rxd7+ Kxd7 32. Nd5 Kd6 33. Nc3
Kc5 34. Na4+ Kb5 35. Nc3+ Kc4 36. Nb1 Nc5 37. Nd2+ Kd5 38. b3 e4 39. f3 b5 40.
fxe4+ fxe4 41. Nf1 a5 42. Kd2 b4 43. Kc2 Nd3 44. Kd2 Ke5 45. Ng3 Nf2 46. Ke2
Ng4 47. Nf1 Kd5 48. h3 Ne5 49. Nd2 Nd7 50. Kf2 Nc5 51. Ke2 a4 52. bxa4 Nxa4 53.
Nb1 h5 54. Kd2 h4 55. a3 bxa3 56. Nxa3 Nc5 57. Nb5 Ke5 58. Nd4 Nd3 59. Ke2 Nb4
60. Kf2 Nd5 61. Nc6+ Kf5 62. Nd4+ Ke5 63. Nc6+ Kf5 64. Nd4+ 1/2-1/2

[Event "1.b HSL 19"]
[Site "Mali Losinj"]
[Date "2019.09.29"]
[Round "2.13"]
[White "Matkovic, Tonci"]
[Black "Bilobrk, Franjo"]
[Result "1/2-1/2"]
[WhiteElo "2281"]
[BlackElo "2334"]
[PlyCount "35"]
[EventDate "2019.09.28"]
[EventCountry "CRO"]
[WhiteTeam "ŠK ŠIBENIK, Šibenik"]
[BlackTeam "ŠK GORAN, Bibinje"]

1. e4 c5 2. Nf3 d6 3. d4 cxd4 4. Nxd4 Nf6 5. Nc3 a6 6. Be2 e6 7. Be3 Be7 8. O-O
O-O 9. f4 Qc7 10. a4 Nc6 11. Bd3 Nxd4 12. Bxd4 e5 13. Be3 exf4 14. Rxf4 Be6 15.
a5 Nd7 16. Rf2 Ne5 17. Bb6 Qd7 18. Nd5 1/2-1/2

[Event "1.b HSL 19"]
[Site "Mali Losinj"]
[Date "2019.09.29"]
[Round "2.14"]
[White "Biliskov, Vjekoslav"]
[Black "Vlaic, Branko"]
[Result "1-0"]
[WhiteElo "2333"]
[BlackElo "2270"]
[PlyCount "75"]
[EventDate "2019.09.28"]
[EventCountry "CRO"]
[WhiteTeam "ŠK GORAN, Bibinje"]
[BlackTeam "ŠK ŠIBENIK, Šibenik"]

1. d4 e6 2. c4 Bb4+ 3. Bd2 Bxd2+ 4. Qxd2 Nf6 5. Nf3 O-O 6. Nc3 d5 7. e3 Qe7 8.
Rc1 Rd8 9. Qc2 a6 10. cxd5 exd5 11. Bd3 Nc6 12. a3 Bg4 13. O-O Rd6 14. Nd2 Bh5
15. Na4 Bg6 16. Nc5 Nd8 17. b4 c6 18. a4 Ne6 19. Bxg6 hxg6 20. Nxe6 Rxe6 21.
Nb3 Ne8 22. Nc5 Rf6 23. b5 axb5 24. axb5 Nd6 25. bxc6 bxc6 26. Ra1 Rxa1 27.
Rxa1 Kh7 28. h3 Nb5 29. Nd3 Qb7 30. Ne5 Re6 31. Rc1 Na7 32. h4 Kg8 33. Rb1 Qc7
34. Qc5 Qe7 35. Rb8+ Kh7 36. Qc2 c5 37. Nf3 f6 38. h5 1-0

[Event "1.b HSL 19"]
[Site "Mali Losinj"]
[Date "2019.09.29"]
[Round "2.15"]
[White "Malenica, Mario"]
[Black "Sinanovic, Muhamed"]
[Result "1/2-1/2"]
[WhiteElo "2221"]
[BlackElo "2312"]
[PlyCount "47"]
[EventDate "2019.09.28"]
[EventCountry "CRO"]
[WhiteTeam "ŠK ŠIBENIK, Šibenik"]
[BlackTeam "ŠK GORAN, Bibinje"]

1. c4 e5 2. Nc3 Nf6 3. Nf3 Nc6 4. g3 d5 5. cxd5 Nxd5 6. Bg2 Nb6 7. O-O Be7 8.
d3 O-O 9. b3 Bg4 10. Bb2 Re8 11. Rc1 Bf8 12. h3 Bh5 13. Ne4 Nd7 14. g4 Bg6 15.
Ng3 a5 16. a3 Rb8 17. Nd2 Nd4 18. e3 Nb5 19. a4 Nd6 20. Nde4 Nxe4 21. Nxe4 c5
22. Qc2 f6 23. f4 b6 24. f5 1/2-1/2

[Event "1.b HSL 19"]
[Site "Mali Losinj"]
[Date "2019.09.29"]
[Round "2.16"]
[White "Zelic, Mladen"]
[Black "Grgurevic, Boris"]
[Result "1-0"]
[WhiteElo "2209"]
[BlackElo "2177"]
[PlyCount "115"]
[EventDate "2019.09.28"]
[EventCountry "CRO"]
[WhiteTeam "ŠK GORAN, Bibinje"]
[BlackTeam "ŠK ŠIBENIK, Šibenik"]

1. e4 e5 2. f4 Bc5 3. Nf3 d6 4. Nc3 Nf6 5. Bc4 Nc6 6. d3 a6 7. Nd5 Be6 8. Nxf6+
Qxf6 9. f5 Bxf5 10. exf5 Qxf5 11. Qe2 f6 12. Be3 Bxe3 13. Qxe3 O-O-O 14. Qe4
Qxe4+ 15. dxe4 Ne7 16. O-O-O c6 17. Be6+ Kc7 18. Rd2 d5 19. exd5 cxd5 20. Rhd1
Kc6 21. Bh3 Rd6 22. g3 Rhd8 23. Bg2 Kc7 24. c3 Nf5 25. Re1 b5 26. g4 Ne7 27.
Red1 Ng6 28. Ne1 Nf4 29. Nd3 Nxg2 30. Rxg2 d4 31. cxd4 Rxd4 32. Rc2+ Kb6 33.
Nf2 Rxd1+ 34. Nxd1 Rd4 35. Ne3 Rd3 36. Rc3 Rd4 37. Kc2 Kb7 38. Rd3 Re4 39. h3
Kc6 40. Nf5 g6 41. Ne7+ Kc5 42. Rd5+ Kc4 43. Rd2 Re3 44. Nd5 Rf3 45. a3 a5 46.
b3+ Kc5 47. Nc3 Kc6 48. Ne4 f5 49. Ng5 Rg3 50. Nxh7 Rxh3 51. Nf8 fxg4 52. Nxg6
Re3 53. Ne7+ Kb7 54. Rd7+ Ka6 55. Kd2 Rxb3 56. Nc8 b4 57. a4 Rb2+ 58. Kc1 1-0

[Event "1.b HSL 19"]
[Site "Mali Losinj"]
[Date "2019.09.29"]
[Round "2.21"]
[White "Nagy, Gabor"]
[Black "Ruck, Robert"]
[Result "1/2-1/2"]
[WhiteElo "2484"]
[BlackElo "2530"]
[PlyCount "36"]
[EventDate "2019.09.28"]
[EventCountry "CRO"]
[WhiteTeam "ŠK BJELOVAR, Bjelovar"]
[BlackTeam "ŠK ĐURO ĐAKOVIĆ, Slavonski Brod"]

1. Nf3 Nf6 2. g3 g6 3. Bg2 Bg7 4. d4 O-O 5. c4 c6 6. O-O d5 7. cxd5 cxd5 8. Nc3
Nc6 9. Ne5 e6 10. Nxc6 bxc6 11. b3 Nd7 12. Bb2 Ba6 13. Qd2 Rc8 14. Na4 Bb5 15.
Nc3 Ba6 16. Na4 Bb5 17. Nc3 Ba6 18. Na4 Bb5 1/2-1/2

[Event "1.b HSL 19"]
[Site "Mali Losinj"]
[Date "2019.09.29"]
[Round "2.22"]
[White "Horvath, Adam"]
[Black "Srbis, Jurica"]
[Result "1-0"]
[WhiteElo "2495"]
[BlackElo "2445"]
[PlyCount "37"]
[EventDate "2019.09.28"]
[EventCountry "CRO"]
[WhiteTeam "ŠK ĐURO ĐAKOVIĆ, Slavonski Brod"]
[BlackTeam "ŠK BJELOVAR, Bjelovar"]

1. e4 e5 2. Nf3 Nc6 3. Bb5 a6 4. Ba4 Nf6 5. Nc3 b5 6. Bb3 Be7 7. a4 b4 8. Nd5
O-O 9. O-O d6 10. d4 Bg4 11. dxe5 dxe5 12. Be3 Nd7 13. h3 Bh5 14. Nxe5 Bxd1 15.
Nxc6 Qe8 16. Nxc7 Be2 17. Nxe8 Bxf1 18. Nxe7+ Kh8 19. Nd6 1-0

[Event "1.b HSL 19"]
[Site "Mali Losinj"]
[Date "2019.09.29"]
[Round "2.23"]
[White "Cop, Tomislav"]
[Black "Dabo-Peranic, Robert"]
[Result "1-0"]
[WhiteElo "2349"]
[BlackElo "2322"]
[PlyCount "91"]
[EventDate "2019.09.28"]
[EventCountry "CRO"]
[WhiteTeam "ŠK BJELOVAR, Bjelovar"]
[BlackTeam "ŠK ĐURO ĐAKOVIĆ, Slavonski Brod"]

1. e4 e5 2. Nf3 Nc6 3. Bc4 Nf6 4. d3 Bc5 5. Nc3 d6 6. Bg5 h6 7. Bxf6 Qxf6 8.
Nd5 Qd8 9. c3 Ne7 10. O-O Nxd5 11. Bxd5 c6 12. Bb3 Bb6 13. h3 O-O 14. d4 Qf6
15. Qd3 g5 16. dxe5 dxe5 17. Nh2 h5 18. Qe2 g4 19. hxg4 hxg4 20. Nxg4 Qf4 21.
Nh2 Kg7 22. Qf3 Rh8 23. g3 Qf6 24. Qxf6+ Kxf6 25. Rad1 Bh3 26. Rfe1 Rag8 27.
Rd3 Rg7 28. Red1 Bc8 29. R1d2 Ke7 30. Kg2 Rgh7 31. Nf3 Bh3+ 32. Kg1 Bg4 33. Nh4
Rxh4 34. gxh4 Rxh4 35. Kg2 Bh5 36. f3 Bg6 37. Rd7+ Kf8 38. Rxb7 Be3 39. Rd8+
Kg7 40. Rdd7 Rf4 41. Rd3 Bc1 42. Bc4 Kh6 43. Rd1 Be3 44. Re7 f6 45. Rh1+ Kg5
46. Rg7 1-0

[Event "1.b HSL 19"]
[Site "Mali Losinj"]
[Date "2019.09.29"]
[Round "2.24"]
[White "Rubil, Marko"]
[Black "Petrusic, Toni"]
[Result "1-0"]
[WhiteElo "2269"]
[BlackElo "2272"]
[PlyCount "83"]
[EventDate "2019.09.28"]
[EventCountry "CRO"]
[WhiteTeam "ŠK ĐURO ĐAKOVIĆ, Slavonski Brod"]
[BlackTeam "ŠK BJELOVAR, Bjelovar"]

1. e4 e6 2. d4 d5 3. e5 c5 4. c3 Nc6 5. Nf3 Bd7 6. Be2 Nge7 7. Na3 cxd4 8. cxd4
Nf5 9. Nc2 Qb6 10. g4 Nfe7 11. O-O h5 12. g5 Na5 13. b4 Nc4 14. a4 Rc8 15. Bd3
g6 16. Nd2 Nxd2 17. Bxd2 a6 18. b5 Nf5 19. a5 Qa7 20. b6 Qb8 21. Bxf5 gxf5 22.
Ne3 h4 23. h3 Bb5 24. Re1 Be7 25. Kh1 f4 26. Ng2 Bxg5 27. Bxf4 Be7 28. Qd2 Rc4
29. Rab1 Qc8 30. Ne3 Rc3 31. Rg1 Kd7 32. Bg5 Bd3 33. Rbc1 Bb4 34. Qb2 Rg8 35.
Ng4 Rxg5 36. Qxb4 Rxg4 37. Rxc3 Rxg1+ 38. Kxg1 Bc4 39. Qd6+ Ke8 40. Kh2 Qd7 41.
Qxd7+ Kxd7 42. Rf3 1-0

[Event "1.b HSL 19"]
[Site "Mali Losinj"]
[Date "2019.09.29"]
[Round "2.25"]
[White "Mihalincic, Tomislav"]
[Black "Martic, Zlatko"]
[Result "0-1"]
[WhiteElo "2241"]
[BlackElo "2283"]
[PlyCount "112"]
[EventDate "2019.09.28"]
[EventCountry "CRO"]
[WhiteTeam "ŠK BJELOVAR, Bjelovar"]
[BlackTeam "ŠK ĐURO ĐAKOVIĆ, Slavonski Brod"]

1. e4 c5 2. Nf3 e6 3. d4 cxd4 4. Nxd4 Nc6 5. Nc3 Qc7 6. Be3 a6 7. a4 Nf6 8.
Nxc6 bxc6 9. g3 Bb4 10. Bg2 d5 11. O-O O-O 12. Na2 Be7 13. f3 Rd8 14. Qe2 a5
15. Qf2 Rb8 16. b3 Ba6 17. Rfe1 dxe4 18. Rad1 Rxd1 19. Rxd1 exf3 20. Qxf3 c5
21. Qc6 Qxc6 22. Bxc6 c4 23. Nc1 cxb3 24. Nxb3 Rc8 25. Bb5 Bxb5 26. axb5 Nd5
27. Bf2 a4 28. Nd4 Nc3 29. Ra1 Bf6 30. Kf1 Rc4 31. Nc6 Nxb5 32. Rb1 Rxc6 33.
Rxb5 h6 34. Ra5 Rc4 35. Ra8+ Kh7 36. Ke1 g5 37. Kd2 g4 38. Be1 Bb2 39. Kd3 Rd4+
40. Ke3 Rd1 41. Bd2 a3 42. c4 Rf1 43. c5 Rf3+ 44. Ke2 Rb3 45. c6 Be5 46. Ra7
Rb6 47. Rxf7+ Kg6 48. Ra7 Rxc6 49. Rxa3 Rb6 50. Kd3 h5 51. Ke4 Bf6 52. Kd3 Rb1
53. Ke4 Rh1 54. Ra6 Rxh2 55. Bf4 e5 56. Bc1 Re2+ 0-1

[Event "1.b HSL 19"]
[Site "Mali Losinj"]
[Date "2019.09.29"]
[Round "2.26"]
[White "Matanovic, Luka"]
[Black "Blagojevic, Marijan"]
[Result "1-0"]
[WhiteElo "2245"]
[BlackElo "2196"]
[PlyCount "67"]
[EventDate "2019.09.28"]
[EventCountry "CRO"]
[WhiteTeam "ŠK ĐURO ĐAKOVIĆ, Slavonski Brod"]
[BlackTeam "ŠK BJELOVAR, Bjelovar"]

1. e4 c5 2. Nf3 e6 3. g3 Nc6 4. Bg2 e5 5. O-O Nf6 6. c3 Be7 7. d4 cxd4 8. cxd4
d6 9. h3 O-O 10. Nc3 a6 11. Be3 Re8 12. d5 Na5 13. Qd3 b5 14. Nd2 b4 15. Na4
Rb8 16. Rfc1 Bd7 17. Qc2 Bb5 18. Bf1 Nd7 19. b3 Bg5 20. Bxg5 Qxg5 21. Bxb5 axb5
22. Nb2 Nc5 23. a3 bxa3 24. Rxa3 Nab7 25. b4 Nd7 26. Nf3 Qh6 27. Kg2 f5 28.
exf5 Nf6 29. Ra7 Nxd5 30. Qd1 Kh8 31. Rc6 Nd8 32. Rca6 Nxb4 33. Rxd6 g6 34.
Nxe5 1-0

[Event "1.b HSL 19"]
[Site "Mali Losinj"]
[Date "2019.09.29"]
[Round "2.31"]
[White "Sokolov, Ivan"]
[Black "Brkic, Ante"]
[Result "1/2-1/2"]
[WhiteElo "2584"]
[BlackElo "2600"]
[PlyCount "92"]
[EventDate "2019.09.28"]
[EventCountry "CRO"]
[WhiteTeam "ŠK STRIDON, Štrigova"]
[BlackTeam "ŠK VINKOVCI, Vinkovci"]

1. d4 Nf6 2. c4 e6 3. Nf3 d5 4. Nc3 Bb4 5. Bg5 h6 6. Bxf6 Qxf6 7. Qa4+ Nc6 8.
e3 O-O 9. Rc1 a6 10. Qc2 e5 11. dxe5 Nxe5 12. Nxe5 Qxe5 13. a3 Bf5 14. Qd2 Bxc3
15. Qxc3 Qxc3+ 16. Rxc3 Rad8 17. Rb3 dxc4 18. Rxb7 Rb8 19. Rxb8 Rxb8 20. Bxc4
Rxb2 21. O-O a5 22. Rc1 Kf8 23. f3 Bc2 24. e4 f6 25. Re1 a4 26. Re3 Ke7 27. e5
fxe5 28. Rxe5+ Kd6 29. Rd5+ Kc6 30. Rd8 Kc5 31. Be6 Bb3 32. Rb8 Kd4 33. Bd7 Rc2
34. Ra8 c6 35. h4 Rc4 36. Ra6 Kc3 37. Bxc6 Kb2 38. Bb5 Rxh4 39. g4 Kxa3 40. Rg6
Kb4 41. Bxa4 Bxa4 42. Rxg7 Bc6 43. Kg2 Kc5 44. Rg6 Bd5 45. Kg3 Rh1 46. Kg2 Rh4
1/2-1/2

[Event "1.b HSL 19"]
[Site "Mali Losinj"]
[Date "2019.09.29"]
[Round "2.32"]
[White "Kadric, Denis"]
[Black "Nemeth, Miklos"]
[Result "1-0"]
[WhiteElo "2558"]
[BlackElo "2488"]
[PlyCount "75"]
[EventDate "2019.09.28"]
[EventCountry "CRO"]
[WhiteTeam "ŠK VINKOVCI, Vinkovci"]
[BlackTeam "ŠK STRIDON, Štrigova"]

1. e4 e5 2. Nf3 Nc6 3. Bc4 Bc5 4. O-O Nf6 5. d3 O-O 6. Re1 d6 7. c3 Bb6 8. a4
a5 9. h3 Kh8 10. Bb3 Ne7 11. d4 exd4 12. cxd4 Ng6 13. Nc3 Be6 14. Bc2 h6 15.
Be3 Ng8 16. e5 N8e7 17. Qc1 dxe5 18. dxe5 Bxe3 19. Qxe3 Bf5 20. Bb3 Be6 21.
Rad1 Qc8 22. Nb5 Nf5 23. Qc3 Bxb3 24. Qxb3 Nf4 25. Rc1 c6 26. Re4 Nd5 27. g4
Nfe7 28. Nfd4 Rb8 29. Nd6 Qd8 30. Qg3 Nc8 31. N6f5 Nce7 32. Kh2 Qb6 33. b3 c5
34. Nb5 Qg6 35. Nbd6 b6 36. Qf3 Qg5 37. Rd1 Kh7 38. Rc4 1-0

[Event "1.b HSL 19"]
[Site "Mali Losinj"]
[Date "2019.09.29"]
[Round "2.34"]
[White "Bosnjak, Petar"]
[Black "Trbojevic, Mladen"]
[Result "1/2-1/2"]
[WhiteElo "2265"]
[BlackElo "2338"]
[PlyCount "126"]
[EventDate "2019.09.28"]
[EventCountry "CRO"]
[WhiteTeam "ŠK VINKOVCI, Vinkovci"]
[BlackTeam "ŠK STRIDON, Štrigova"]

1. e4 d6 2. d4 Nf6 3. Nc3 g6 4. Nf3 Bg7 5. Be3 c6 6. Qd2 b5 7. Bd3 Nbd7 8. Bh6
Bxh6 9. Qxh6 b4 10. Ne2 e5 11. dxe5 dxe5 12. h3 Qe7 13. O-O Nc5 14. Ng3 Bb7 15.
Rfe1 Nfd7 16. Bc4 Nb6 17. Bf1 f6 18. a3 Ne6 19. axb4 Qxb4 20. Nf5 O-O-O 21. Ne3
Kb8 22. Ra3 Nd4 23. Rea1 Nxf3+ 24. gxf3 Rd7 25. Rxa7 Qxb2 26. R7a2 Qb4 27. Ra3
Re8 28. Rb3 Qc5 29. Rab1 Nc8 30. Ba6 Nd6 31. Ng4 Kc8 32. Bxb7+ Rxb7 33. Nxf6
Rxb3 34. cxb3 Rd8 35. Rc1 Qb6 36. Qxh7 Nb5 37. Qe7 Nd4 38. Kg2 Qxb3 39. Rf1
Qxf3+ 40. Kh2 Qe2 41. Kg2 Qf3+ 42. Kh2 Qf4+ 43. Kg2 Qg5+ 44. Kh1 Qh4 45. Kg2
Qg5+ 46. Kh1 Qf4 47. Kg2 g5 48. Ne8 Rd7 49. Nd6+ Rxd6 50. Qxd6 g4 51. Qa3 Qxe4+
52. Kg3 Nf5+ 53. Kh2 Qf4+ 54. Kh1 Qe4+ 55. Kh2 Qf4+ 56. Kh1 g3 57. Qf8+ Kc7 58.
Qf7+ Kd6 59. Rd1+ Kc5 60. Qa7+ Kb5 61. Qb7+ Kc5 62. Qa7+ Kb5 63. Qb7+ Kc5
1/2-1/2

[Event "1.b HSL 19"]
[Site "Mali Losinj"]
[Date "2019.09.29"]
[Round "2.35"]
[White "Vernacki, Srdjan"]
[Black "Pucovski, Miroslav"]
[Result "1/2-1/2"]
[WhiteElo "2318"]
[BlackElo "2238"]
[PlyCount "101"]
[EventDate "2019.09.28"]
[EventCountry "CRO"]
[WhiteTeam "ŠK STRIDON, Štrigova"]
[BlackTeam "ŠK VINKOVCI, Vinkovci"]

1. c4 c6 2. Nf3 d5 3. e3 Nf6 4. b3 Bg4 5. Bb2 e6 6. Be2 Nbd7 7. h3 Bxf3 8. Bxf3
Bd6 9. O-O Qe7 10. Nc3 Ba3 11. Qc1 Bxb2 12. Qxb2 O-O 13. d4 Rab8 14. e4 dxe4
15. Nxe4 Nxe4 16. Bxe4 Rfd8 17. Rfe1 Qf6 18. Rad1 Nf8 19. Re3 Rd7 20. Red3 Rbd8
21. Qd2 Ng6 22. g3 Nf8 23. a4 g6 24. h4 h5 25. a5 a6 26. Qg5 Nh7 27. Qc5 Qe7
28. Qxe7 Rxe7 29. f4 Nf6 30. Bf3 Red7 31. Kf2 Kf8 32. Ke3 Ke7 33. R1d2 Kd6 34.
d5 exd5 35. cxd5 Re7+ 36. Kf2 c5 37. Rc2 Rde8 38. Rdc3 Rc7 39. b4 Ne4+ 40. Bxe4
Rxe4 41. bxc5+ Kxd5 42. Rb3 Ra4 43. Rb6 Rxa5 44. Rd6+ Ke4 45. Re2+ Kf5 46. Re5+
Kg4 47. Rg5+ Kh3 48. Rd1 Ra2+ 49. Kf3 Ra3+ 50. Kf2 Ra2+ 51. Kf3 1/2-1/2

[Event "1.b HSL 19"]
[Site "Mali Losinj"]
[Date "2019.09.29"]
[Round "2.36"]
[White "Bubalovic, Davorin"]
[Black "Tomasic, Roland"]
[Result "1-0"]
[WhiteElo "2212"]
[BlackElo "2102"]
[PlyCount "89"]
[EventDate "2019.09.28"]
[EventCountry "CRO"]
[WhiteTeam "ŠK VINKOVCI, Vinkovci"]
[BlackTeam "ŠK STRIDON, Štrigova"]

1. e4 c5 2. Nf3 d6 3. d4 cxd4 4. Nxd4 Nf6 5. Nc3 e6 6. Be3 Nc6 7. Be2 Be7 8.
O-O O-O 9. f4 Bd7 10. Kh1 Nxd4 11. Bxd4 Bc6 12. Qd3 Nd7 13. Rad1 e5 14. Be3
exf4 15. Bxf4 Ne5 16. Qe3 Qc7 17. Bg3 a6 18. Rf5 b5 19. Qd4 g6 20. Rf2 Qa7 21.
Qxa7 Rxa7 22. Nd5 Bxd5 23. Rxd5 Kg7 24. c3 f6 25. Rf1 Rb8 26. Bf2 Rc7 27. h3
Rc6 28. Rfd1 b4 29. Bd4 Kf7 30. Ra5 bxc3 31. bxc3 Kg7 32. Ra4 g5 33. Bxa6 g4
34. hxg4 Nxg4 35. Bc4 Rc7 36. Bd5 Rb2 37. Rf1 Ne5 38. Ra8 Bf8 39. a4 h5 40. a5
h4 41. a6 Kh7 42. Rxf8 Rg7 43. Bxe5 h3 44. gxh3 dxe5 45. Rf7 1-0

[Event "1.b HSL 19"]
[Site "Mali Losinj"]
[Date "2019.09.29"]
[Round "2.41"]
[White "Vavulin, Maxim"]
[Black "Lenic, Luka"]
[Result "1/2-1/2"]
[WhiteElo "2550"]
[BlackElo "2644"]
[PlyCount "131"]
[EventDate "2019.09.28"]
[EventCountry "CRO"]
[WhiteTeam "ŠK PULA, Pula"]
[BlackTeam "ŠK SESVETE-AGROPROTEINKA, Sesvete"]

1. e4 e5 2. Nf3 Nc6 3. Bb5 Nf6 4. d3 Bc5 5. c3 O-O 6. Nbd2 d6 7. h3 Bd7 8. Ba4
a5 9. Nf1 Ne7 10. Bc2 Ng6 11. Be3 Bc6 12. Bxc5 dxc5 13. Ne3 a4 14. h4 Re8 15.
h5 Nf8 16. h6 g6 17. a3 b5 18. Qe2 Rb8 19. Rd1 Qe7 20. Bb1 b4 21. Ba2 b3 22.
Bb1 Rbd8 23. Kf1 Bb5 24. Rh4 N6d7 25. g3 Nb6 26. Kg1 f6 27. Rf1 Rd6 28. Ne1
Red8 29. Nd5 Nxd5 30. exd5 c6 31. dxc6 Ne6 32. f4 exf4 33. gxf4 f5 34. Rh3 Qf6
35. Re3 Bxc6 36. Ng2 Bd7 37. Qf2 Nc7 38. Re5 Ne6 39. Rfe1 Bc6 40. Qg3 Bxg2 41.
Kxg2 Kf7 42. Qe3 Re8 43. Kg3 Re7 44. Qf3 Red7 45. Qa8 Qd8 46. Qxa4 Rxd3+ 47.
Bxd3 Rxd3+ 48. R1e3 Rxe3+ 49. Rxe3 g5 50. Qa7+ Kf8 51. Rxe6 Qd3+ 52. Kf2 Qd2+
53. Kf1 Qd1+ 54. Kf2 Qd2+ 55. Re2 Qxf4+ 56. Kg2 Qg4+ 57. Kf1 Qf3+ 58. Ke1 Qh1+
59. Kd2 Qd5+ 60. Ke3 Qe4+ 61. Kf2 Qf4+ 62. Kg1 Qg3+ 63. Kf1 Qf3+ 64. Ke1 Qh1+
65. Kd2 Qd5+ 66. Kc1 1/2-1/2

[Event "1.b HSL 19"]
[Site "Mali Losinj"]
[Date "2019.09.29"]
[Round "2.42"]
[White "Postny, Evgeny"]
[Black "Tratar, Marko"]
[Result "1-0"]
[WhiteElo "2601"]
[BlackElo "2461"]
[PlyCount "55"]
[EventDate "2019.09.28"]
[EventCountry "CRO"]
[WhiteTeam "ŠK SESVETE-AGROPROTEINKA, Sesvete"]
[BlackTeam "ŠK PULA, Pula"]

1. d4 Nf6 2. c4 e6 3. Nf3 b6 4. g3 Bb7 5. Bg2 Be7 6. O-O O-O 7. Re1 Qc8 8. Nc3
Ne4 9. Bd2 d6 10. Qc2 f5 11. Rad1 Nd7 12. d5 Nxd2 13. Nxd2 e5 14. Bh3 g6 15. e4
f4 16. Qa4 c6 17. c5 dxc5 18. dxc6 Bxc6 19. Qb3+ Kh8 20. Qe6 fxg3 21. hxg3 Nf6
22. Qxc8 Rfxc8 23. Bxc8 Rxc8 24. Nc4 Nd7 25. Re2 Kg7 26. Red2 Rc7 27. Nd5 Bxd5
28. Rxd5 1-0